| 000 -LEADER |
| fixed length control field |
00645nam a2200205 a 4500 |
| 001 - CONTROL NUMBER |
| control field |
515 |
| 003 - CONTROL NUMBER IDENTIFIER |
| control field |
BD-DhUAP |
| 005 - DATE AND TIME OF LATEST TRANSACTION |
| control field |
20201202110507.0 |
| 008 - FIXED-LENGTH DATA ELEMENTS--GENERAL INFORMATION |
| fixed length control field |
201105t19971977ii a 001 0 eng d |
| 040 ## - CATALOGING SOURCE |
| Original cataloging agency |
EXC |
| Transcribing agency |
EXC |
| Modifying agency |
ORU |
| -- |
BAKER |
| -- |
BD-DhUAP |
| Language of cataloging |
Eng |
| 082 00 - DEWEY DECIMAL CLASSIFICATION NUMBER |
| Classification number |
516.06 ZAM |
| Edition number |
23 |
| 100 ## - MAIN ENTRY--PERSONAL NAME |
| Personal name |
Zameeruddin, Qazi. |
| 245 10 - TITLE STATEMENT |
| Title |
Solid geometry : |
| Remainder of title |
analytical geometry of three dimensions / |
| Statement of responsibility, etc. |
Qazi Zameeruddin and M. L. Khanna. |
| 260 ## - PUBLICATION, DISTRIBUTION, ETC. |
| Place of publication, distribution, etc. |
Delhi : |
| Name of publisher, distributor, etc. |
Visas publishing house, |
| Date of publication, distribution, etc. |
c1977 [Reprinted 1994]. |
| 300 ## - PHYSICAL DESCRIPTION |
| Extent |
ix, 445 pages : |
| Other physical details |
illustrations ; |
| Dimensions |
22 cm. |
| 500 ## - GENERAL NOTE |
| General note |
Includes index. |
| 650 ## - SUBJECT ADDED ENTRY--TOPICAL TERM |
| Topical term or geographic name entry element |
Geometry. |
| 700 ## - ADDED ENTRY--PERSONAL NAME |
| Personal name |
Khanna, M.L. |
| 942 ## - ADDED ENTRY ELEMENTS (KOHA) |
| Source of classification or shelving scheme |
|
| Koha item type |
Book |